¿A la Vivienda Quien la Ronda? Situación y Perspectivas de la Política de Vivienda en Colombia Tomo I (Registro nro. 9631)
[ vista simple ]
| 000 -LEADER | |
|---|---|
| fixed length control field | 00437nam a2200157Ia 4500 |
| 008 - FIXED-LENGTH DATA ELEMENTS--GENERAL INFORMATION | |
| fixed length control field | 210310s9999 xx 000 0 und d |
| 020 ## - INTERNATIONAL STANDARD BOOK NUMBER | |
| International Standard Book Number | #N/A |
| 100 ## - MAIN ENTRY--PERSONAL NAME | |
| Personal name | Cuéllar, María Mercedes |
| 9 (RLIN) | 12620 |
| 245 #0 - TITLE STATEMENT | |
| Title | ¿A la Vivienda Quien la Ronda? Situación y Perspectivas de la Política de Vivienda en Colombia Tomo I |
| 260 ## - PUBLICATION, DISTRIBUTION, ETC. | |
| Date of publication, distribution, etc. | 2006 |
| 300 ## - PHYSICAL DESCRIPTION | |
| Other physical details | #N/A |
| 440 ## - SERIES STATEMENT/ADDED ENTRY--TITLE | |
| Title | #N/A |
| 9 (RLIN) | 20626 |
| 500 ## - GENERAL NOTE | |
| General note | #N/A |
| 505 ## - FORMATTED CONTENTS NOTE | |
| Formatted contents note | #N/A |
| 650 ## - SUBJECT ADDED ENTRY--TOPICAL TERM | |
| Topical term or geographic name entry element | #N/A |
| 9 (RLIN) | 20627 |
| Withdrawn status | Lost status | Damaged status | Not for loan | Home library | Current library | Date acquired | Total Checkouts | Barcode | Date last seen | Price effective from | Koha item type |
|---|---|---|---|---|---|---|---|---|---|---|---|
| Biblioteca Pública José María del Castillo y Rada | Biblioteca Pública José María del Castillo y Rada | 03/10/2021 | 430008090 | 05/16/2024 | 03/10/2021 | Books |